Gas exchange and yellow passion fruit production under irrigation strategies using brackish water and potassium (Registro n. 298285)
[ somente texto ]
| 000 -LÍDER | |
|---|---|
| fixed length control field | 04783nab a2200373 i 4500 |
| 003 - CÓDIGO MARC DA AGÊNCIA CATALOGADORA | |
| Campo de controle | BR-BrBNA |
| 005 - DATA E HORA DA ÚLTIMA ATUALIZAÇÃO | |
| Campo de controle | 20240108103906.0 |
| 008 - CAMPO DE TAMANHO FIXO | |
| fixed length control field | 240108b2022 bl.ar|pooa||| 00| 0 eng | |
| 040 ## - FONTE DA CATALOGAÇÃO | |
| Agência catalogadora | BR-BrBNA |
| Idioma da catalogação | eng |
| 072 ## - CATEGORIA AGRIS | |
| Código AGRIS | F06 |
| Código do objeto | 1123 |
| 072 ## - CATEGORIA AGRIS | |
| Código AGRIS | F60 |
| 100 ## - ENTRADA PRINCIPAL - NOME PESSOAL | |
| Nome pessoal | Pinheiro, Francisco Wesley Alves |
| 100 ## - ENTRADA PRINCIPAL - NOME PESSOAL | |
| Nome pessoal | Lima, Geovani Soares de |
| 100 ## - ENTRADA PRINCIPAL - NOME PESSOAL | |
| Nome pessoal | Gheyi, Hans Raj |
| 100 ## - ENTRADA PRINCIPAL - NOME PESSOAL | |
| Nome pessoal | Soares, Lauriane Almeida dos Anjos |
| 100 ## - ENTRADA PRINCIPAL - NOME PESSOAL | |
| Nome pessoal | Oliveira, Sabrina Gomes de |
| 100 ## - ENTRADA PRINCIPAL - NOME PESSOAL | |
| Nome pessoal | Silva, Francisco Alves da |
| 245 ## - TÍTULO PRINCIPAL | |
| Título principal | Gas exchange and yellow passion fruit production under irrigation strategies using brackish water and potassium |
| 500 ## - NOTA GERAL | |
| Nota geral | Publicação online; 31 ref.; 6 illus.; Summaries (En, Pt) |
| 942 ## - ADDED ENTRY ELEMENTS (KOHA) | |
| Koha item type | |
| 520 ## - NOTA DE RESUMO | |
| Nota de conteúdo | <br/><br/>ABSTRACT - The occ urrence of water sources with high concentrations of salts is a common problem in the semi-arid region of<br/>north-eastern Brazil. The search for management strategies that can minimize the effect of salt stress on crops is therefore extremely<br/>important. As such, this study aimed to evaluate gas exchange and production in the yellow passion fruit ‘BRS GA1’as a function of<br/>irrigation strategies using brackish water and doses of potassium. The research was carried out under fi eld conditions in São Domingos,<br/>in the state of Paraíba, Brazil, using a randomized block design in a 6 × 2 factorial scheme, with treatments comprising six irrigation<br/>strategies using water (irrigat ion with low-salinity water throughout the cycle – WS; irrigation with high-salinity water during the<br/>vegetative stage – VE; during the fl owering stage – FL; the fruiting stage – FR; during successive vegetative/fl owering stages - VE/FL;<br/>successive vegetative/fruiting stages - VE/FR) and two doses of potassium (60% and 100% of the recommended dose of 345 g K2O<br/>per plant per year), with four replications and three plants per plot. Two levels of water salinity (1.3 and 4.0 dS m-1) were used during<br/>different phenological stages of the crop. Irrigation with water at 4.0 dS m-1 reduced the leaf water potential, leaf osmotic potential,<br/>stomatal conductance, transpiration, and rate of CO2 assimilation of the yellow passion fruit, regardless of the irrigation strategy. The<br/>continuous salt stress during the vegetative and fl owering stages compromised production in the yellow passion fruit.<br/><br/><br/>Key words: Salt stress. Photosynthesis. Fertilizing. Passiflora edulis Sims |
| 520 ## - NOTA DE RESUMO | |
| Nota de conteúdo | <br/><br/>RESUMO - A ocorrênci a de fontes hídricas com elevadas concentrações de sais é um problema frequente na região semiárida do Nordeste do<br/>Brasil. Assim, a busca por estratégias de manejo capazes de minimizar o efeito do estresse salino nas culturas é de extrema importância. Neste<br/>contexto, objetivou-se com este trabalho avaliar as trocas gasosas e a produção do maracujazeiro amarelo ‘BRS GA1’ em função das estratégias<br/>de irrigação com águas salobras e doses de potássio. A pesquisa foi desenvolvida sob condições de campo em São Domingos, PB, Brasil,<br/>utilizando-se o delineamento de blocos casualizados em esquema fatorial 6 × 2, sendo os tratamentos constituídos de seis estratégias de irrigação<br/>com águas salinas (SE - irrigação com água de baixa salinidade durante todo ciclo; irrigação com água de alta salinidade na fase vegetativa - VE;<br/>floração - FL; frutificação - FR; nas fases sucessivas vegetativa/fl oração - VE/FL; vegetativa/frutifi cação - VE/FR) e duas doses de potássio<br/>(60 e 100% (345 g de K2O por planta por ano) da recomendação, com quatro repetições e três plantas por parcela. Utilizaram-se dois níveis de<br/>salinidade da água (1,3 e 4,0 dS m-1), em diferentes fases fenológicas da cultura. A irrigação com água de 4,0 dS m-1 reduziu o potencial hídrico<br/>e osmótico foliar, a condutância estomática, a transpiração e a taxa de assimilação de CO2 do maracujazeiro-azedo, independentemente da estratégia<br/>de irrigação. O estresse salino nas fases vegetativa e de floração de forma contínua comprometeu a produção do maracujazeiro-azedo.<br/><br/><br/><br/>Palavras-chave: Estresse salino. Fotossíntese. Adubação. Passiflora edulis Sims. |
| 650 ## - ASSUNTO - THESAGRO | |
| Cabeçalho tópico ou nome geográfico | MARACUJÁ |
| 650 ## - ASSUNTO - THESAGRO | |
| Cabeçalho tópico ou nome geográfico | SALINIDADE |
| 650 ## - ASSUNTO - THESAGRO | |
| Cabeçalho tópico ou nome geográfico | STRESS |
| 650 ## - ASSUNTO - THESAGRO | |
| Cabeçalho tópico ou nome geográfico | ADUBAÇÃO |
| 650 ## - ASSUNTO - THESAGRO | |
| Cabeçalho tópico ou nome geográfico | POTÁSSIO |
| 650 ## - ASSUNTO - THESAGRO | |
| Cabeçalho tópico ou nome geográfico | IRRIGAÇÃO |
| 650 ## - ASSUNTO - THESAGRO | |
| Cabeçalho tópico ou nome geográfico | TROCA GASOSA |
| 650 ## - ASSUNTO - THESAGRO | |
| Cabeçalho tópico ou nome geográfico | FOTOSSÍNTESE |
| 773 0# - ENTRADA ANALÍTICA | |
| Host Biblionumber | 4290 |
| Registro do item | 275632 |
| Imprenta | Fortaleza-CE Universidade Federal do Ceará. Centro de Ciências Agrárias 2002 |
| Outro identificador | 2023-437432 |
| Título | Revista Ciência Agronômica (Brazil) |
| ISSN | 0045-6888; 1806-6690 (on-line) |
| Colação | v. 53 p. 1-11; (2022) |
| Número de controle de registro | BR2023002217 |
| 856 ## - ACESSO E ENDEREÇO ELETRÔNICO | |
| Identificador uniforme de recurso - URI | https://www.scielo.br/j/rca/a/NNMNJFP8ZFVvYSvZ47d9pyq/?format=pdf&lang=en |
Nenhum exemplar disponível.

BINAGRI